1199 1691 1712 1141 1096 1118 1169 1459 1483 1124 1650 1899 1658 1818 1650 1877 1284 1539 1544 1206 1408 1139 1224 1636 1152 1095 1157 1582 1462 1229 1374 1961 1673 1654 1179 1857 1185 1165 1594 1117 1562 1548 1208 1535 1531 1783 1870 1563 1242 1759 1078 1010 1612 1674 1978 1953 1005 1258 1631 1884 1557 1067 1409 1970 1848 1073 1343 1189 1258 1160 1655 1775 1613 1873 1827 1406 1422 1811 1103 1482 1508 1877 1638 1807 1930 1132 1080 1244 1942 1938 1874 1152 1817 1127 1743 1872 1164 1101 1816 BCNSPRNW ULIB Ver.6.0+V

เปลี่ยนเป็นภาษาไทย

Change to English
 แสดงรายละเอียดบรรณานุกรม
  กลับหน้าหลัก

Brief Record : Get Marc (ISO 2709) : E-mail record : QR code < ปิดหน้าต่าง
LEADER : 00000nam 2200000uu 4500
001    13399124142
003     ULIB
008    150120s2554||||th 000 0 tha d
020    ^a9789748377834
060 04 ^aWB115^bจ251ก
245 00 ^aการดูแลผู้ป่วยนอกทางอายุรศาสตร์ /^c[คณะบรรณาธิการ]จันทราภา ศรีสวัสดิ์ ... [และคนอื่นๆ]
250    ^aพิมพ์ครั้งที่ 2
260    ^aกรุงเทพฯ :^bโครงการตำรา วิทยาลัยแพทยศาสตร์พระมงกุฎเกล้า,^c2554
300    ^a544 หน้า :^bภาพประกอบ ;^c27 ซม.
650  7 ^aอายุรศาสตร์^vรวมเรื่อง
650  7 ^aการรักษาโรค^vรวมเรื่อง
650  7 ^aผู้ป่วยนอก^xการรักษา
650  7 ^aผู้ป่วยนอกของโรงพยาบาล^xการดูแล
700 0  ^aจันทราภา ศรีสวัสดิ์,^eบรรณาธิการ
710 2  ^aวิทยาลัยแพทยศาสตร์พระมงกุฏเกล้า. ^bโครงการตำรา
945    ^p500^l0^i038585
945    ^p500^l0^i038586
945    ^p500^l0^i038587
945    ^p500^l0^i038588
945    ^p500^l0^i038589
945    ^p500^l0^i038590
945    ^p500^l0^i038591
945    ^p500^l0^i038605
945    ^p500^l0^i038606
945    ^p500^l0^i038607
999    ^aเกษร โพธิ์สุวรรณ
รายการนี้ยังไม่มีแท็ก
คุณยังไม่ได้ล็อกอิน คุณสามารถมีกิจกรรมร่วมกับเว็บไซต์ได้ แต่ต้องล็อกอินก่อน ::
  ล็อกอิน

รายการสื่อสารสนเทศ

ลำดับที่ ประเภท เลขเรียก/บาร์โค้ด สถานที่ สถานะ
1. วิทยาศาสตร์การแพทย์ และสุขภาพ
หนังสือสำรอง
สถานะ=หนังสือสำรอง
WB115 จ251ก ฉ.1 
  Barcode: 038585
ห้องสมุดวิทยาเขตสวรรค์ประชารักษ์
►ส่วนจัดเก็บหนังสือเก่า สปร
บนชั้น
  ขอยืม
2. วิทยาศาสตร์การแพทย์ และสุขภาพ
วิทยาศาสตร์การแพทย์ และสุขภาพ
WB115 จ251ก ฉ.10 
  Barcode: 038607
ห้องสมุดวิทยาเขตสวรรค์ประชารักษ์
►ส่วนจัดเก็บหนังสือเก่า สปร
บนชั้น
  ขอยืม
3. วิทยาศาสตร์การแพทย์ และสุขภาพ
วิทยาศาสตร์การแพทย์ และสุขภาพ
WB115 จ251ก ฉ.2 
  Barcode: 038586
ห้องสมุดวิทยาเขตสวรรค์ประชารักษ์
►ส่วนจัดเก็บหนังสือเก่า สปร
บนชั้น
  ขอยืม
4. วิทยาศาสตร์การแพทย์ และสุขภาพ
วิทยาศาสตร์การแพทย์ และสุขภาพ
WB115 จ251ก ฉ.3 
  Barcode: 038587
ห้องสมุดวิทยาเขตสวรรค์ประชารักษ์
►ส่วนจัดเก็บหนังสือเก่า สปร
บนชั้น
  ขอยืม
5. วิทยาศาสตร์การแพทย์ และสุขภาพ
วิทยาศาสตร์การแพทย์ และสุขภาพ
WB115 จ251ก ฉ.4 
  Barcode: 038588
ห้องสมุดวิทยาเขตสวรรค์ประชารักษ์
►ส่วนจัดเก็บหนังสือเก่า สปร
บนชั้น
  ขอยืม
6. วิทยาศาสตร์การแพทย์ และสุขภาพ
วิทยาศาสตร์การแพทย์ และสุขภาพ
WB115 จ251ก ฉ.5 
  Barcode: 038589
ห้องสมุดวิทยาเขตสวรรค์ประชารักษ์
►ส่วนจัดเก็บหนังสือเก่า สปร
บนชั้น
  ขอยืม
7. วิทยาศาสตร์การแพทย์ และสุขภาพ
วิทยาศาสตร์การแพทย์ และสุขภาพ
WB115 จ251ก ฉ.6 
  Barcode: 038590
ห้องสมุดวิทยาเขตสวรรค์ประชารักษ์
►ส่วนจัดเก็บหนังสือเก่า สปร
บนชั้น
  ขอยืม
8. วิทยาศาสตร์การแพทย์ และสุขภาพ
วิทยาศาสตร์การแพทย์ และสุขภาพ
WB115 จ251ก ฉ.7 
  Barcode: 038591
ห้องสมุดวิทยาเขตสวรรค์ประชารักษ์
►ส่วนจัดเก็บหนังสือเก่า สปร
บนชั้น
  ขอยืม
9. วิทยาศาสตร์การแพทย์ และสุขภาพ
วิทยาศาสตร์การแพทย์ และสุขภาพ
WB115 จ251ก ฉ.8 
  Barcode: 038605
ห้องสมุดวิทยาเขตสวรรค์ประชารักษ์
►ส่วนจัดเก็บหนังสือเก่า สปร
บนชั้น
  ขอยืม
10. วิทยาศาสตร์การแพทย์ และสุขภาพ
วิทยาศาสตร์การแพทย์ และสุขภาพ
WB115 จ251ก ฉ.9 
  Barcode: 038606
ห้องสมุดวิทยาเขตสวรรค์ประชารักษ์
►ส่วนจัดเก็บหนังสือเก่า สปร
บนชั้น
  ขอยืม

BibComment


ยังไม่เคยถูกคอมเมนท์

คอมเมนท์ทรัพยากรรายการนี้
  คอมเมนท์: การดูแลผู้ป่วยนอ..


 Copyright 2026. Bcnsprnw @Library